Helena Kellerová

Podrobná bibliografia
Hlavný autor: Škott, Ján (Autor)
Médium: Článok
Jazyk:slovenčina
Fyzický popis:Fot. 3. Obr. 1., lit. 10 zázn. v nem., angl., češ.
Predmet:

MARC

LEADER 00000nab a2200000 a 4500
001 vtls000162826
003 SK-MaSNL
005 20260302202532.0
008 160204c1982 xo 0 slo
015 |a SNBRB19rr/mm-uuuuu 
035 |a CL0172937 
040 |a SNKBUCL  |b slo  |c SNKBUCL  |e AACR2 
041 0 |a slo 
044 |a xo  |c SK 
080 |a 376.34:929 Keller, Helen  |2 1981 
080 |a 929 Keller, Helen  |2 1981 
100 1 |a Škott, Ján  |4 aut  |9 377466 
245 1 0 |a Helena Kellerová  |c Ján Škott 
300 |b Fot. 3. Obr. 1., lit. 10 zázn. v nem., angl., češ. 
600 1 7 |a Keller, Helen,  |d 1880-1968  |2 snkbucl  |9 48607 
655 7 |a články z novín a časopisov  |2 snkbucl  |9 267496 
773 0 |t Špeciálna pedagogika  |g Č. 1 (1982), s. 12-19 
850 |a Slovenská národná knižnica v Martine  |a MTA001 
852 |a SNK  |b KIS3GCP 
958 |a NB 
958 |a RK 
992 |a RBX 
999 |c 1465362  |d 1467292